000
00357nam a2200133Ia 4500
008
151001s9999||||xx |||||||||||||| ||und||
100
_a
ओशो
245
_a
अध्यात्म उपनिषद
250
_a
1
260
_b
रेबल पब्लीशिंग हाउस
260
_c
1995
300
_a
324
365
_b
22
999
_c
972774
_d
972771